Statistics for Chelsea Record Transfers

Click here to take the quiz!

General Stats

  • This quiz has been taken 678 times
    (594 since last reset)
  • The average score is 9 of 10

Answer Stats

Year Country Position From Transfer Fee Answer % Correct
2010-2011SpainFWLiverpool58,5M€Fernando Torres
99%
2012-2013BelgiumFWLille40M€Eden Hazard
98%
2004-2005Ivory CoastFWMarseille37M€Didier Drogba
95%
2014-2015SpainFWAtlético Madrid38M€Diego Costa
92%
2006-2007UkraineFWAC Milan46M€Andreï Shevchenko
90%
2012-2013BrazilMDAnzhi35,5M€Willian
88%
2014-2015SpainMDBarcelona33M€Cesc Fabregas
88%
2005-2006GhanaMDLyon38M€Michael Essien
87%
2014-2015ColombiaMDFiorentina31M€Juan Cuadrado
80%
2005-2006EnglandMDManchester City31,5M€Shaun Wright-Phillips
46%

Score Distribution

Percentile by Number Answered

Percent of People with Each Score

Your Score History

You have not taken this quiz since the last reset